00270nam a2200097Ia 4500008004100000020001400041100002200055245005000077260003100127300001400158180205s9999 xx 000 0 und d a440218012 aSeller, Charles E cRussel, BrianaAncient secrets of the bible / aUSAbDell publishingc1994 a372 pages